000 00551nam a22002177a 4500
003 UA-OsUOA
001 60472
007 ta
008 20090521b un ||||| |||| 00| 0 ukr d
090 _a908:75(477.81)
_bД79
942 _cBR
040 _aUA-OsUOA
_bukr
_cUA-OsUOA
_dUA-OsUOA
245 _aДубенський замок: живописний пленер
300 _a25 с.
955 _a2
041 _aukr
080 _a908:75(477.81)
260 _aДубно
_c2007
650 7 _a908 Краєзнавство
_2UDC
999 _c346449
_d346449